000 00382nam a22001457a 4500
005 20190604125255.0
008 190604b xxu||||| |||| 00| 0 eng d
020 _a978-93-88194-63-1
041 _aeng
100 _aPANCHAL, DR. ISHANI AND SEN, DHRUBOJYOTI
_95039
245 _aSYNTHISIS IN MEDICINAL CHEMISTRY
260 _aPUNE
_bNIRALI PRAKASHAN
300 _aA.13p,
942 _cBK
999 _c5937
_d5935